<?xml version="1.0" encoding="UTF-8"?>
<collection xmlns="http://www.loc.gov/MARC21/slim">
 <record>
  <leader>03167nam a2200337 a 4500</leader>
  <controlfield tag="001">1/44784</controlfield>
  <controlfield tag="008">140630s2003    ne            001 0 eng  </controlfield>
  <datafield tag="020" ind1=" " ind2=" ">
   <subfield code="a">9780080488745 (electronic bk.)</subfield>
  </datafield>
  <datafield tag="020" ind1=" " ind2=" ">
   <subfield code="a">0080488749 (electronic bk.)</subfield>
  </datafield>
  <datafield tag="020" ind1=" " ind2=" ">
   <subfield code="a">9780750676021</subfield>
  </datafield>
  <datafield tag="020" ind1=" " ind2=" ">
   <subfield code="a">0750676027</subfield>
  </datafield>
  <datafield tag="035" ind1=" " ind2=" ">
   <subfield code="l">47738</subfield>
  </datafield>
  <datafield tag="040" ind1=" " ind2=" ">
   <subfield code="a">KNOVL</subfield>
   <subfield code="b">eng</subfield>
   <subfield code="c">KNOVL</subfield>
   <subfield code="d">IDEBK</subfield>
   <subfield code="d">OCLCQ</subfield>
   <subfield code="d">EBLCP</subfield>
   <subfield code="d">OCLCQ</subfield>
   <subfield code="d">N$T</subfield>
   <subfield code="d">YDXCP</subfield>
   <subfield code="d">OCLCE</subfield>
   <subfield code="d">UWW</subfield>
   <subfield code="d">E7B</subfield>
   <subfield code="d">DEBBG</subfield>
   <subfield code="d">UA@</subfield>
   <subfield code="d">OPELS</subfield>
   <subfield code="d">OCLCO</subfield>
   <subfield code="d">MYPMP</subfield>
   <subfield code="d">KNOVL</subfield>
   <subfield code="d">ZCU</subfield>
   <subfield code="d">KNOVL</subfield>
   <subfield code="d">OCLCF</subfield>
   <subfield code="d">GR-PeUP</subfield>
  </datafield>
  <datafield tag="100" ind1="1" ind2=" ">
   <subfield code="a">Eckhoff, Rolf K.</subfield>
  </datafield>
  <datafield tag="245" ind1="1" ind2="0">
   <subfield code="a">Dust explosions in the process industries</subfield>
   <subfield code="h">[electronic resource] /</subfield>
   <subfield code="c">Rolf K. Eckhoff.</subfield>
  </datafield>
  <datafield tag="250" ind1=" " ind2=" ">
   <subfield code="a">3rd ed.</subfield>
  </datafield>
  <datafield tag="260" ind1=" " ind2=" ">
   <subfield code="a">Amsterdam ;</subfield>
   <subfield code="a">Boston :</subfield>
   <subfield code="b">Gulf Professional Pub.,</subfield>
   <subfield code="c">c2003.</subfield>
  </datafield>
  <datafield tag="300" ind1=" " ind2=" ">
   <subfield code="a">1 online resource (xxi, 719 p.) :</subfield>
   <subfield code="b">ill. (some col.)</subfield>
  </datafield>
  <datafield tag="504" ind1=" " ind2=" ">
   <subfield code="a">Includes bibliographical references and index.</subfield>
  </datafield>
  <datafield tag="505" ind1="0" ind2=" ">
   <subfield code="a">Dust explosions -- origin, propagation, prevention, and mitigation : an overview -- Case histories -- Generation of explosible dust clouds by reentrainment and redispersion of deposited dust in air -- Propagation of flames in dust clouds -- Ignition of dust clouds and dust deposits: further consideration of some selected aspects -- Sizing of dust explosion vents in the process industries: further consideration of some important aspects -- Assessment of ignitability, explosibility, and related properties of dusts by laboratory-scale tests -- Electrical apparatuses for areas containing combustible dusts -- Research and development, 1990-2002 -- Appendix: Ignitability and explosibility data for dusts from laboratory tests.</subfield>
  </datafield>
  <datafield tag="520" ind1=" " ind2=" ">
   <subfield code="a">Unfortunately, dust explosions are common and costly in a wide array of industries such as petrochemical, food, paper and pharmaceutical. It is imperative that practical and theoretical knowledge of the origin, development, prevention and mitigation of dust explosions is imparted to the responsible safety manager. The material in this book offers an up to date evaluation of prevalent activities, testing methods, design measures and safe operating techniques. Also provided is a detailed and comprehensive critique of all the significant phases relating to the hazard and control of a dust explosion. An invaluable reference work for industry, safety consultants and students. * A completely new chapter on design of electrical equipment to be used in areas containing combustible/explosible dust * A substantially extended and re-organized final review chapter, containing nearly 400 new literature references from the years 1997-2002 * Extensive cross-referencing from the original chapters 1-7 to the corresponding sections of the expanded review chapter.</subfield>
  </datafield>
  <datafield tag="650" ind1=" " ind2="4">
   <subfield code="a">Dust explosions.</subfield>
  </datafield>
  <datafield tag="650" ind1=" " ind2="4">
   <subfield code="a">Fire prevention.</subfield>
  </datafield>
  <datafield tag="650" ind1=" " ind2="4">
   <subfield code="a">Industrial accidents.</subfield>
  </datafield>
  <datafield tag="655" ind1=" " ind2="4">
   <subfield code="a">Electronic books.</subfield>
  </datafield>
  <datafield tag="852" ind1=" " ind2=" ">
   <subfield code="a">INST</subfield>
   <subfield code="b">UNIPILB</subfield>
   <subfield code="c">EBOOKS</subfield>
   <subfield code="e">20140630</subfield>
   <subfield code="p">00b47738</subfield>
   <subfield code="q">00b47738</subfield>
   <subfield code="t">ONLINE</subfield>
   <subfield code="y">0</subfield>
  </datafield>
  <datafield tag="856" ind1="4" ind2=" ">
   <subfield code="u">http://www.sciencedirect.com/science/book/9780750676021</subfield>
  </datafield>
  <datafield tag="856" ind1="4" ind2=" ">
   <subfield code="d">/webopac/covers/03/47738_9780080488745.jpg</subfield>
   <subfield code="z">(electronic bk.)</subfield>
  </datafield>
  <datafield tag="856" ind1="4" ind2=" ">
   <subfield code="d">/webopac/covers/03/47738_0080488749.jpg</subfield>
   <subfield code="z">(electronic bk.)</subfield>
  </datafield>
  <datafield tag="856" ind1="4" ind2=" ">
   <subfield code="d">/webopac/covers/03/47738_9780750676021.jpg</subfield>
  </datafield>
  <datafield tag="856" ind1="4" ind2=" ">
   <subfield code="d">/webopac/covers/03/47738_0750676027.jpg</subfield>
  </datafield>
 </record>
</collection>
